The Muslim Brotherhood and Egypt's succession crisis : (Record no. 17198)
[ view plain ]
| 000 -LEADER | |
|---|---|
| fixed length control field | 01448cam a2200253 a 4500 |
| 001 - CONTROL NUMBER | |
| control field | 17326470 |
| 005 - DATE AND TIME OF LATEST TRANSACTION | |
| control field | 20130131153916.0 |
| 008 - FIXED-LENGTH DATA ELEMENTS--GENERAL INFORMATION | |
| fixed length control field | 120531s2010 enk b 001 0 eng |
| 020 ## - INTERNATIONAL STANDARD BOOK NUMBER | |
| International Standard Book Number | 9781780762173 (pbk.) |
| 082 04 - DEWEY DECIMAL CLASSIFICATION NUMBER | |
| Classification number | 320.962 |
| Edition number | 22 |
| Item number | ZAH |
| 100 1# - MAIN ENTRY--PERSONAL NAME | |
| Personal name | Zahid, Mohammed. |
| 9 (RLIN) | 32264 |
| 245 14 - TITLE STATEMENT | |
| Title | The Muslim Brotherhood and Egypt's Succession Crisis : |
| Remainder of title | the Politics of Liberalisation and Reform in the Middle East / |
| Statement of responsibility, etc | Mohammed Zahid. |
| 246 31 - VARYING FORM OF TITLE | |
| Title proper/short title | Politics of liberalisation and reform in the Middle East |
| 246 30 - VARYING FORM OF TITLE | |
| Title proper/short title | Egypt's succession crisis |
| 250 ## - EDITION STATEMENT | |
| Edition statement | [Pbk. ed.] |
| 260 ## - PUBLICATION, DISTRIBUTION, ETC. (IMPRINT) | |
| Place of publication, distribution, etc | London ; |
| -- | New York : |
| Name of publisher, distributor, etc | I.B. Tauris, |
| Date of publication, distribution, etc | c2010. |
| 300 ## - PHYSICAL DESCRIPTION | |
| Extent | xv, 202 p. ; |
| Dimensions | 22 cm. |
| 490 0# - Series Statement | |
| Series statement | Library of modern Middle East studies ; |
| Volume/sequential designation | v. 81 |
| 504 ## - BIBLIOGRAPHY, ETC. NOTE | |
| Bibliography, etc | Includes bibliographical references (p. [181]-200) and index. |
| 505 2# - FORMATTED CONTENTS NOTE | |
| Formatted contents note | Framing economic and political reform in the Middle East -- Shifting sands : the Middle East between authoritarianism and democratisation -- Economic and political reform in Egypt after 1991 -- The Muslim Brotherhood in Egypt : growth and development, 1928-1975 -- The Muslim Brotherhood : the transition from piety to politics -- The art of politics : the new MB generation, the syndicates and power -- The politics of succession in Egypt -- Continuity and discontinuity in economic and political reform in Egypt. |
| 651 #0 - SUBJECT ADDED ENTRY--GEOGRAPHIC NAME | |
| Geographic name | Egypt |
| General subdivision | Politics and government |
| Chronological subdivision | 1981- |
| 9 (RLIN) | 32265 |
| 653 ## - INDEX TERM--UNCONTROLLED | |
| Resource For college | |
| Arrived date list | January2013 |
| 942 ## - ADDED ENTRY ELEMENTS (KOHA) | |
| Source of classification or shelving scheme | Dewey Decimal Classification |
| Item type | Book - Borrowing |
| Withdrawn status | Item status | Source of classification or shelving scheme | Damaged status | Not for loan | Vendor | Home library | Current library | Shelving location | Date acquired | Source of acquisition | Cost, normal purchase price | Serial Enumeration / chronology | Total Checkouts | Total Renewals | Full call number | Barcode | Date last seen | Date last borrowed | Koha item type |
|---|---|---|---|---|---|---|---|---|---|---|---|---|---|---|---|---|---|---|---|
| Dewey Decimal Classification | THe Middle East Observer | Central Library | Central Library | First floor | 31/01/2013 | 170.00 | 001341 | 9 | 37 | 320.962 ZAH | 000027961 | 15/07/2025 | 14/11/2021 | Book - Borrowing | |||||
| Dewey Decimal Classification | MERIC | Central Library | Central Library | First floor | 06/05/2018 | Purchase | 117.15 | 000292 | 2 | 1 | 320.962 ZAH | 000047694 | 15/07/2025 | 14/11/2021 | Book - Borrowing |